| 000 -LEADER |
| fixed length control field |
01489cam a2200385 a 4500 |
| 001 - CONTROL NUMBER |
| control field |
2540281 |
| 003 - CONTROL NUMBER IDENTIFIER |
| control field |
MAJU-Karachi |
| 005 - DATE AND TIME OF LATEST TRANSACTION |
| control field |
20201003132034.0 |
| 008 - FIXED-LENGTH DATA ELEMENTS--GENERAL INFORMATION |
| fixed length control field |
940210s1995 enk b 001 0 eng |
| 010 ## - LIBRARY OF CONGRESS CONTROL NUMBER |
| LC control number |
94006091 |
| 020 ## - INTERNATIONAL STANDARD BOOK NUMBER |
| International Standard Book Number |
0521450160 |
| 020 ## - INTERNATIONAL STANDARD BOOK NUMBER |
| International Standard Book Number |
0521456479 (pbk.) |
| 040 ## - CATALOGING SOURCE |
| Original cataloging agency |
DLC |
| Transcribing agency |
DLC |
| Modifying agency |
DLC |
| 041 1# - LANGUAGE CODE |
| Language code of text/sound track or separate title |
eng |
| Language code of original and/or intermediate translations of text |
ger |
| 050 00 - LIBRARY OF CONGRESS CALL NUMBER |
| Classification number |
HM136 |
| Item number |
.S7413 1995 |
| 051 ## - LIBRARY OF CONGRESS COPY, ISSUE, OFFPRINT STATEMENT |
| Classification number |
HM136 |
| Item number |
.S7413 1995 Copy 3 |
| Copy information |
Additional gift: Estate of Paul Avrich, 2006. |
| 082 00 - DEWEY DECIMAL CLASSIFICATION NUMBER |
| Classification number |
302.5/4 |
| Edition number |
20 |
| 100 1# - MAIN ENTRY--PERSONAL NAME |
| Personal name |
Stirner, Max, |
| Dates associated with a name |
1806-1856. |
| 240 10 - UNIFORM TITLE |
| Uniform title |
<a href="Einzige und sein Eigentum.">Einzige und sein Eigentum.</a> |
| Language of a work |
English |
| 245 14 - TITLE STATEMENT |
| Title |
The ego and its own / |
| Statement of responsibility, etc |
Max Stirner ; edited by David Leopold. |
| 260 ## - PUBLICATION, DISTRIBUTION, ETC. (IMPRINT) |
| Place of publication, distribution, etc |
Cambridge [England] ; |
| -- |
New York, NY, USA : |
| Name of publisher, distributor, etc |
Cambridge University Press, |
| Date of publication, distribution, etc |
1995. |
| 300 ## - PHYSICAL DESCRIPTION |
| Extent |
xl, 386 p. ; |
| Dimensions |
22 cm. |
| 440 #0 - SERIES STATEMENT/ADDED ENTRY--TITLE |
| Title |
Cambridge texts in the history of political thought |
| 504 ## - BIBLIOGRAPHY, ETC. NOTE |
| Bibliography, etc |
Includes bibliographical references (p. 325-376) and indexes. |
| 650 #0 - SUBJECT ADDED ENTRY--TOPICAL TERM |
| Topical term or geographic name as entry element |
Individualism. |
| 650 #0 - SUBJECT ADDED ENTRY--TOPICAL TERM |
| Topical term or geographic name as entry element |
Egoism. |
| 700 1# - ADDED ENTRY--PERSONAL NAME |
| Personal name |
Leopold, David. |
| 710 2# - ADDED ENTRY--CORPORATE NAME |
| Corporate name or jurisdiction name as entry element |
Paul Avrich Collection (Library of Congress) |
| Institution to which field applies |
DLC |
| 856 42 - ELECTRONIC LOCATION AND ACCESS |
| Materials specified |
Publisher description |
| Uniform Resource Identifier |
<a href="http://www.loc.gov/catdir/description/cam026/94006091.html">http://www.loc.gov/catdir/description/cam026/94006091.html</a> |
| 856 41 - ELECTRONIC LOCATION AND ACCESS |
| Materials specified |
Table of contents |
| Uniform Resource Identifier |
<a href="http://www.loc.gov/catdir/toc/cam022/94006091.html">http://www.loc.gov/catdir/toc/cam022/94006091.html</a> |
| 906 ## - LOCAL DATA ELEMENT F, LDF (RLIN) |
| a |
7 |
| b |
cbc |
| c |
orignew |
| d |
1 |
| e |
ocip |
| f |
19 |
| g |
y-gencatlg |
| 942 ## - ADDED ENTRY ELEMENTS (KOHA) |
| Source of classification or shelving scheme |
|
| Koha item type |
Psychology |